Urban growth in emerging economies : lessons from the BRICS.

Bibliographic Details
Other Authors: McGranahan, Gordon, Martine, George
Format: Book
Published: New York: Routledge, 2014.
Subjects:
LEADER 00596cam a2200181 7i4500
001 0000032013
005 20150522090000.0
020 0 0 |a 9780415718769  
090 0 0 |a B 307.76   |b URB 
245 0 0 |a Urban growth in emerging economies :   |b lessons from the BRICS. 
260 0 0 |a New York:   |b Routledge,   |c 2014. 
300 # # |a 273 pages. 
650 0 0 |a Urbanization --   |z BRIC countries  
650 0 0 |a Urban policy --   |z BRIC countries  
650 0 0 |a Cities and towns --   |x Growth --   |z BRIC countries  
700 1 0 |a McGranahan, Gordon  
700 1 0 |a Martine, George  
999 |a B000035769  |b Book  |c Book  |e Business Information Centre